Missing Word: Ford Car Models in Every Category Quiz Stats

Quiz Updated Aug 26, 2017

Also try: Car Logos
Challenge
Share
Tweet
Embed
Score 0/15 Timer 02:00
0 Plays Today
Hint Missing Word % Correct
Walker, Texas _____Ranger
92.7%
Denver _____ (NFL)Broncos
91.6%
Dora the _____: Barnyard BuddiesExplorer
90.3%
_____ LeoneSierra
89.5%
Guardians of the _____Galaxy
86.2%
How Did Mister Nucleus _____ from Prison?
Through the Cell Wall!
Escape
85%
_____, Legislative & JudicialExecutive
69.8%
Peregrine _____Falcon
65.4%
Hint Missing Word % Correct
The Two Gentlemen of _____Verona
63%
_____ SallyMustang
62.5%
_____ Sun Juice DrinkCapri
57.1%
Bridget Jones: The _____ of ReasonEdge
54.7%
_____ (lat.) - The Bull Taurus
53%
Twelve Signs of the _____Zodiac
52.9%
_____ Day, Canada (In Honor of the Queen's Birthday)Victoria
21.1%

Today's Daily Dose

You're not logged in!

Compare scores with friends on all Sporcle quizzes.
Join for Free
OR
Log In

You Might Also Like...

Show Comments

Extras

Top Quizzes Today


Score Distribution

Your Account Isn't Verified!

In order to create a playlist on Sporcle, you need to verify the email address you used during registration. Go to your Sporcle Settings to finish the process.

Report this User

Report this user for behavior that violates our Community Guidelines.

Details: